<?xml version="1.0" encoding="UTF-8"?>
<record
    xmlns:xsi="http://www.w3.org/2001/XMLSchema-instance"
    xsi:schemaLocation="http://www.loc.gov/MARC21/slim http://www.loc.gov/standards/marcxml/schema/MARC21slim.xsd"
    xmlns="http://www.loc.gov/MARC21/slim">

  <leader>00569nam a22001457a 4500</leader>
  <controlfield tag="008">150831b        xxu||||| |||| 00| 0 eng d</controlfield>
  <datafield tag="082" ind1=" " ind2=" ">
    <subfield code="a">708</subfield>
    <subfield code="b">V494-l</subfield>
  </datafield>
  <datafield tag="100" ind1=" " ind2=" ">
    <subfield code="a">Vergara, Juan Diego</subfield>
    <subfield code="9">3403</subfield>
  </datafield>
  <datafield tag="245" ind1=" " ind2=" ">
    <subfield code="a">L&#x2B9;effect miroir : l&#x2B9;image ext&#xE9;rieure et l&#x2B9;image intime = El efecto del espejo : la imagen exterior y la imagen &#xED;ntima</subfield>
    <subfield code="c">Juan Diego Vergara</subfield>
  </datafield>
  <datafield tag="260" ind1=" " ind2=" ">
    <subfield code="a">Lima:</subfield>
    <subfield code="b">Arcadia Medi&#xE1;tica</subfield>
    <subfield code="c">2014</subfield>
  </datafield>
  <datafield tag="300" ind1=" " ind2=" ">
    <subfield code="a">74 p.</subfield>
    <subfield code="b">ill.(col.)</subfield>
    <subfield code="c">24 cm.</subfield>
  </datafield>
  <datafield tag="600" ind1=" " ind2=" ">
    <subfield code="a">Vergara, Juan Diego</subfield>
    <subfield code="b">1972</subfield>
    <subfield code="v">Cat&#xE1;logos</subfield>
    <subfield code="9">3404</subfield>
  </datafield>
  <datafield tag="650" ind1=" " ind2=" ">
    <subfield code="a">Pintura er&#xF3;tica</subfield>
    <subfield code="9">3405</subfield>
  </datafield>
  <datafield tag="650" ind1=" " ind2=" ">
    <subfield code="a">Fotograf&#xED;a er&#xF3;tica gay</subfield>
    <subfield code="9">3406</subfield>
  </datafield>
  <datafield tag="999" ind1=" " ind2=" ">
    <subfield code="c">726</subfield>
    <subfield code="d">726</subfield>
  </datafield>
  <datafield tag="952" ind1=" " ind2=" ">
    <subfield code="0">0</subfield>
    <subfield code="1">0</subfield>
    <subfield code="2">ddc</subfield>
    <subfield code="4">0</subfield>
    <subfield code="7">0</subfield>
    <subfield code="a">LV</subfield>
    <subfield code="b">LV</subfield>
    <subfield code="c">Monograf&#xED;as</subfield>
    <subfield code="d">2015-08-31</subfield>
    <subfield code="l">1</subfield>
    <subfield code="o">708 V494-l</subfield>
    <subfield code="p">004088</subfield>
    <subfield code="r">2018-08-04 00:00:00</subfield>
    <subfield code="s">2018-06-22</subfield>
    <subfield code="w">2015-08-31</subfield>
    <subfield code="y">01</subfield>
  </datafield>
</record>
